DATABASE MODELING AND DESIGN (Record no. 216816)

MARC details
000 -LEADER
fixed length control field 00501nam a22001817a 4500
008 - FIXED-LENGTH DATA ELEMENTS--GENERAL INFORMATION
fixed length control field 260309b |||||||| |||| 00| 0 eng d
020 ## - INTERNATIONAL STANDARD BOOK NUMBER
International Standard Book Number 978-0-12-382020-4
100 ## - MAIN ENTRY--PERSONAL NAME
Personal name TEOREY, TOBY
245 ## - TITLE STATEMENT
Title DATABASE MODELING AND DESIGN
Remainder of title LOGICAL DESIGN
250 ## - EDITION STATEMENT
Edition statement 5TH ED
260 ## - PUBLICATION, DISTRIBUTION, ETC.
Place of publication, distribution, etc. BURLINGTON
Name of publisher, distributor, etc. ELSEVIER
Date of publication, distribution, etc. 2011
300 ## - PHYSICAL DESCRIPTION
Extent XIV, 304P.
500 ## - GENERAL NOTE
General note INCLUDES INDEX
650 ## - SUBJECT ADDED ENTRY
Topical term or geographic name entry element 1.RELATIONAL DATABASES 2. DATABASE DESIGN
700 ## - ADDED ENTRY--PERSONAL NAME
Personal name LIGHTSTONE, SAM
942 ## - ADDED ENTRY ELEMENTS (KOHA)
Source of classification or shelving scheme Library of Congress Classification
Koha item type Long Loan Book
Holdings
Withdrawn status Lost status Source of classification or shelving scheme Damaged status Not for loan Collection Home library Current library Shelving location Date acquired Inventory number Total checkouts Full call number Barcode Date last seen Copy number Price effective from Koha item type
    Library of Congress Classification     Science & Technology Kisii University Library Kisii University Library On Display 03/09/2026 111781   QA 76.9 .D26 T46 2011 A000476 03/09/2026 1 03/09/2026 Long Loan Book
    Library of Congress Classification     Science & Technology Kisii University Library Kisii University Library On Display 03/09/2026 111782   QA 76.9 .D26 T46 2011 A000478 03/09/2026 2 03/09/2026 Long Loan Book
    Library of Congress Classification     Science & Technology Kisii University Library Kisii University Library On Display 03/09/2026 111783   QA 76.9 .D26 T46 2011 A000480 03/09/2026 3 03/09/2026 Long Loan Book